000
00250nam a2200097Ia 4500
001
1143108
005
20250827010150.0
008
250824s9999 xx 000 0 und d
245
0
_a
BEN HEP KAYBETTİM
_c
MEHMET ALİ KILINÇ
260
_b
DESTEK YAYINLARI
999
_c
1143108
_d
1143108